000 01187cpcaa22002657a 4500
001 mm 98006408
003 DLC
005 20260227111727.0
008 981106|||||||||||| eng
010 _amm 98006408
040 _aDLC
_cDLC
_dDLC
_edacs
072 7 _aW
_2lcmd
100 1 _aLow, Francis Sidney.
245 0 0 _aFrancis Sidney Low correspondence,
_f1861.
300 _a1
_fitem.
506 0 _aOpen to research.
520 8 _aALS (1861 April 18; National Hotel, Washington, D.C.) from Low to his son discussing preparations in Washington, D.C., in case of attack by Confederate sympathizers and rumors that the sympathizers had torn up railroad tracks near Baltimore, Maryland.
546 _aCollection material in English.
580 _aForms part of: Miscellaneous Manuscripts collection.
651 0 _aBaltimore (Md.)
_xHistory
_yCivil War, 1861-1865.
651 0 _aUnited States
_xHistory
_yCivil War, 1861-1865
_xTransportation.
651 0 _aWashington (D.C.)
_xHistory
_yCivil War, 1861-1865.
999 _c44476
_d44476